| 000 | 01999nam0a2200373 i 4500 | ||
|---|---|---|---|
| 001 | RU\NLR\bibl\1991954 | ||
| 005 | 20260406043151.0 | ||
| 010 |
_a9785721812866 _91000 |
||
| 021 |
_aRU _b2012-101787 _97500 |
||
| 035 | _a(NLR Aleph) 001980464 | ||
| 090 |
_a4082967 _c4082967 |
||
| 100 | _a20130125d2012 u y0rusy50 ca | ||
| 101 | 0 |
_arus _deng |
|
| 102 | _aRU | ||
| 105 | _ay ||||||||| | ||
| 200 | 1 |
_aДоказывание в уголовном процессе Российской Федерации _dEvidence in criminal legal procedure of the Russian Federation _e(теория и правоприменительная практика) _f[Афанасьев В.С., д.ю.н., проф., Батюк В.И., к.ю.н., доц., проф., Галузо В.Н., к.ю.н., Шелаго А.Б.] _gпод ред. В.С. Афанасьева _zeng |
|
| 210 |
_aМосква _cТеис _d2012 |
||
| 215 |
_a182 с. _cсхем. _d22 |
||
| 300 | _aАвт. указ. на обороте тит. л. | ||
| 300 | _aРез. на англ. яз. | ||
| 320 | _aБиблиогр.: с. 118-155 (231 назв.) и в подстроч. примеч. | ||
| 320 | _aАлф.-предм. указ.: с. 156-160 | ||
| 510 | 0 |
_aEvidence in criminal legal procedure of the Russian Federation _zeng |
|
| 606 | 1 |
_aДоказывание в уголовном процессе _yРоссийская Федерация _92078565 _3RU\NLR\auth\661254427 |
|
| 686 | _aХ629.34 | ||
| 701 | 1 |
_4070 _8rus _7ca _aАфанасьев _bВ. С. _cд-р юрид. наук _gВладимир Сергеевич _3RU\NLR\auth\7727341 _910375 |
|
| 701 | 1 |
_4070 _8rus _7ca _aБатюк _bВ.И. _gВалерий Иванович _3RU\NLR\auth\7719103 _92177 |
|
| 701 | 1 |
_4070 _8rus _7ca _aГалузо _bВ. Н. _f1956- _gВасилий Николаевич _3RU\NLR\AUTH\773268 _9113274 |
|
| 701 | 1 |
_aШелаго _bА. Б. _4070 |
|
| 801 | 0 |
_aRU _bNLR _c20130125 _gRCR |
|
| 801 | 1 |
_aRU _bNLR _c20130125 |
|
| 942 | _cBOOK | ||
| 980 | _aNBR | ||